000 00418nam a2200181Ia 4500
001 3260
005 20260306144908.0
008 260306t2014||||xx |||||||||||||| ||spa||
041 _aESP
082 _a262.91
_bJ81L V. 2
100 _aWojtyla, Karol
_eAUT
245 0 _aLecciones de lublin II
260 _c2014
300 _a227 páginas :
_c21 cm.
650 _aGEN
654 _aCHU
942 _cLIB
_dJUS
_fJUS
_2ddc
_n
999 _c3260
_d3260